000 00706nam a2200241 i 4500
001 C2-0308414
003 PPAK
005 20180728095243.0
008 110502s1988 my |||| ||||| | eng d
020 _a9679421198
040 _aPPAK
_beng
_cPPAK
_erda
082 0 4 _a305.5633
_223
090 0 0 _a305.5633
_bWHW
_dKMI
100 0 _aWan Hashim,
_eauthor
245 1 0 _aPeasants under peripheral capitalism
264 1 _aBangi, Selangor :
_bPenerbit Universiti Kebangsaan Malaysia ,
_c1988
300 _a205 pages ;
_c22 cm
336 _2rdacontent
_atext
337 _2rdamedia
_aunmediated
338 _2rdacarrier
_avolume
650 1 0 _aPeasantry - Malaysia ; Capitalism - Malaysia
942 _ddc
_cB
999 _c111025
_d111025